000 00766cam a2200277ua 4500
001 4460255
003 ARRUPE
005 20161103110210.0
008 870422s1986 enk 001 0 eng d
020 _a0340386932
020 _a0340385146 (pbk.) :
035 _a(OCoLC)505774271
035 _a(OCoLC)ocn505774271
035 _a(NNC)4460255
040 _aNNUT
_cNNUT
090 _aBV245
_b.H62 1986
245 0 4 _aThe Hodder book of Christian prayers /
_ccompiled by Tony Castle.
260 _aLondon :
_bHodder and Stoughton,
_c1986.
300 _a358 p. ;
_c22 cm.
500 _a2nd impression 1987.
500 _aIncludes indexes.
650 0 _aPrayer.
_xBooks
_927244
700 1 _aCastle, Tony.
_927245
942 _2lcc
_cMONOGRAPH
999 _c125659
_d125659